00368cam a22001097a 4500008004000000082002600040100002500066245004900091260004800140300001200188440005800200180718b1988 xxu||||| |||| 00| 0 eng d aA81x54 In2/81/5/PT9/2 aCensus of India 1981 aGujarat: special tables for scheduled tribes aDelhibThe Controller of Publicationsc1988 a1460+p. aCensus of India 1981. Series-5, Gujarat. Part-IX (ii)